[Event "Challenge"]
[Site "http://www.queenalice.com/game.php?id=1639409"]
[Date "2021.1.10"]
[Round "-"]
[White "vivoferreira"]
[Black "marcomasao"]
[Result "0-1"]
[WhiteElo "1329"]
[BlackElo "2019"]

1. e4 e5 2. Nf3 Nc6 3. d4 exd4 4. Nxd4 Qf6 5. Be3 Bc5 6. c3 Nxd4 7. Bxd4 Bxd4 8.
Qxd4 Qe7 9. g3 Nf6 10. Bg2 d6 11. Nd2 c5 12. Qe3 Rb8 13. O-O Bd7 14. Rad1 h6 15.
f4 Ng4 16. Qd3 a6 17. Bh3 Bb5 18. c4 Bd7 19. Bxg4 Bxg4 20. Rde1 h5 21. f5 Qf6
22. b3 h4 23. Rf4 Qg5 24. Qxd6 Rd8 25. Qe5+ Kf8 26. Qc7 Rxd2 27. Qc8+ Rd8 28.
Rxg4 Qe7 0-1

[Event "Challenge"]
[Site "http://www.queenalice.com/game.php?id=1639410"]
[Date "2021.1.10"]
[Round "-"]
[White "vivoferreira"]
[Black "SCORPION77"]
[Result "0-1"]
[WhiteElo "1362"]
[BlackElo "1614"]

1. e4 e5 2. Nf3 d6 3. h3 a6 4. d4 exd4 5. Nxd4 Nf6 6. Nc3 Be7 7. f3 O-O 8. b3
Bd7 9. Bb2 Nc6 10. Nxc6 Bxc6 11. g4 h6 12. Bg2 Re8 13. f4 Nd7 14. Qd2 Bh4+ 15.
Kd1 Nc5 16. Qe2 Re6 17. f5 Re8 18. Bc1 Re7 19. Bb2 Qe8 20. Rg1 Nxe4 21. Bxe4 d5
22. Qd3 dxe4 23. Qe3 Bg5 0-1

[Event "Challenge"]
[Site "http://www.queenalice.com/game.php?id=1639411"]
[Date "2021.1.10"]
[Round "-"]
[White "Bigchess"]
[Black "vivoferreira"]
[Result "1-0"]
[WhiteElo "1867"]
[BlackElo "1418"]

1. d3 e5 2. f4 exf4 3. Bxf4 d5 4. Nf3 Nc6 5. e3 Bg4 6. Be2 Bxf3 7. Bxf3 g6 8.
O-O Bg7 9. Nc3 Nf6 10. Bg3 O-O 11. Rb1 d4 12. exd4 Qxd4+ 13. Kh1 Rab8 14. Bxc7
Rbc8 15. Bg3 Rfe8 16. Qd2 Nd5 17. Bxd5 Be5 18. Bxf7+ Kg7 19. Bxe8 Rxe8 20. Bxe5+
Qxe5 21. Rbe1 1-0

[Event "Challenge"]
[Site "http://www.queenalice.com/game.php?id=1639415"]
[Date "2021.1.10"]
[Round "-"]
[White "vivoferreira"]
[Black "zmanomega"]
[Result "0-1"]
[WhiteElo "1385"]
[BlackElo "1628"]

1. e4 e5 2. Bc4 Nf6 3. Nc3 c6 4. Nf3 d6 5. Ng5 Be6 6. Bxe6 fxe6 7. Nxe6 Qe7 8.
Ng5 Nbd7 9. d3 h6 10. Nf3 Nc5 11. d4 Ncxe4 12. Qd3 Nxc3 13. Qxc3 exd4+ 0-1

[Event "Challenge"]
[Site "http://www.queenalice.com/game.php?id=1639417"]
[Date "2021.1.10"]
[Round "-"]
[White "mariesco"]
[Black "vivoferreira"]
[Result "1-0"]
[WhiteElo "1603"]
[BlackElo "1269"]

1. Nf3 d5 2. d4 Bf5 3. Nc3 Nc6 4. e3 Nb4 5. Ne5 Nxc2+ 6. Kd2 Nxa1 7. Bb5+ c6 8.
Ba4 b5 9. Nxc6 Qb6 10. Bxb5 Bd7 11. Qa4 Rc8 12. Nxa7 Rd8 13. Nxd5 Bxb5 14. Nxb6
Bxa4 15. Nxa4 Ra8 16. b3 Rxa7 17. Bb2 Nf6 18. Bxa1 Nd5 19. Rc1 g6 20. e4 Nf4 21.
d5 Nxg2 22. Bxh8 f6 23. e5 Kf7 24. e6+ Kg8 25. Rc8 Kxh8 26. Rxf8+ Kg7 27. Re8
Nf4 28. Nc3 f5 29. a4 Kf6 30. Ke3 Ng2+ 31. Kd4 Rb7 32. Nb5 Nf4 33. Ke3 1-0

[Event "Challenge"]
[Site "http://www.queenalice.com/game.php?id=1639418"]
[Date "2021.1.10"]
[Round "-"]
[White "vivoferreira"]
[Black "mariesco"]
[Result "0-1"]
[WhiteElo "1388"]
[BlackElo "1556"]

1. e4 e6 2. d4 g6 3. e5 d5 4. c4 Bg7 5. Nc3 Nc6 6. cxd5 exd5 7. g3 Nge7 8. Bg2
Nf5 9. Bh3 O-O 10. Nf3 Re8 11. g4 Nh4 12. Nxh4 Qxh4 13. Bg2 Qd8 14. Bxd5 Nb4 15.
Be4 c6 16. Bd2 Qxd4 17. Bc2 Qxe5+ 18. Ne2 Qxb2 19. Rb1 Nxc2+ 20. Kf1 Qxa2 21.
Nc3 Qa6+ 22. Ne2 Nd4 23. Ra1 Qc4 24. Rc1 Qxe2+ 25. Kg1 Qxg4+ 26. Qxg4 Bxg4 27.
Kf1 Be2+ 0-1

[Event "Challenge"]
[Site "http://www.queenalice.com/game.php?id=1639420"]
[Date "2021.1.10"]
[Round "-"]
[White "vivoferreira"]
[Black "charles31"]
[Result "0-1"]
[WhiteElo "1360"]
[BlackElo "1807"]

1. e4 e5 2. Nf3 d6 3. Nc3 h6 4. d4 a6 5. dxe5 dxe5 6. Nxe5 Qxd1+ 7. Nxd1 Bd6 8.
Nf3 Bg4 9. Be2 Nc6 10. O-O Nge7 11. Re1 Bxf3 12. Bxf3 O-O-O 13. b3 Nb4 14. Re2
Be5 15. Bb2 Nxa2 16. Bxe5 f6 17. Bxc7 Kxc7 18. Rxa2 Rxd1+ 0-1

[Event "Challenge"]
[Site "http://www.queenalice.com/game.php?id=1639421"]
[Date "2021.1.10"]
[Round "-"]
[White "charles31"]
[Black "vivoferreira"]
[Result "1-0"]
[WhiteElo "1607"]
[BlackElo "1283"]

1. e4 c5 2. Nc3 e6 3. d4 cxd4 4. Qxd4 Nc6 5. Qd1 e5 6. Nf3 Nf6 7. a3 b6 8. Bb5
Bb7 9. Bg5 Be7 10. Qd3 Nd4 11. Nxd4 exd4 12. Qxd4 O-O 13. O-O-O Ng4 14. Bxe7
Qxe7 15. h3 Nf6 16. Rde1 a6 17. Ba4 b5 18. Bb3 Rfe8 19. e5 Nh5 20. Rhg1 Qg5+ 21.
Kb1 Bxg2 22. Qxd7 Nf4 23. Qxf7+ Kh8 24. e6 Re7 25. Rxg2 Nxg2 26. Qf3 Nxe1 27.
Qxa8+ 1-0

[Event "Challenge"]
[Site "http://www.queenalice.com/game.php?id=1639422"]
[Date "2021.1.10"]
[Round "-"]
[White "vivoferreira"]
[Black "dimitridruloza2012"]
[Result "0-1"]
[WhiteElo "1379"]
[BlackElo "1641"]

1. d4 d5 2. Nc3 e5 3. dxe5 Bb4 4. Bd2 Bxc3 5. Bxc3 Nc6 6. e6 f6 7. e4 Bxe6 8.
exd5 Bxd5 9. Qe2+ Nge7 10. O-O-O Qd6 11. Nf3 O-O-O 12. g3 g5 13. Bg2 Qc5 14.
Bxf6 Rhf8 15. Bxe7 Nxe7 16. Rhg1 Bxa2 17. b3 Qa3# 0-1

[Event "Challenge"]
[Site "http://www.queenalice.com/game.php?id=1639431"]
[Date "2021.1.10"]
[Round "-"]
[White "vivoferreira"]
[Black "Givanildo"]
[Result "0-1"]
[WhiteElo "1289"]
[BlackElo "1665"]

1. e4 d5 2. exd5 Qxd5 3. Nc3 Qe5+ 4. Qe2 Qxe2+ 5. Bxe2 Bf5 6. d3 e6 7. Nf3 h6 8.
Nd4 Bg6 9. Be3 Bc5 10. O-O-O Nd7 11. Nf3 Bxe3+ 12. fxe3 O-O-O 13. e4 f6 14. d4
Ne7 15. Nh4 Bh7 16. e5 f5 17. Nb5 Kb8 18. Rhe1 Nd5 19. Nf3 Ne3 20. Rd3 f4 21. g3
Bxd3 22. Bxd3 a6 0-1

[Event "Challenge"]
[Site "http://www.queenalice.com/game.php?id=1639452"]
[Date "2021.1.10"]
[Round "-"]
[White "vivoferreira"]
[Black "cyrano"]
[Result "0-1"]
[WhiteElo "1279"]
[BlackElo "1422"]

1. e4 e5 2. Nf3 f6 3. d4 d6 4. dxe5 fxe5 5. Nc3 h6 6. Bd3 a6 7. g3 Qd7 8. O-O g5
9. Ne1 Nf6 10. f4 exf4 11. gxf4 gxf4 12. Bxf4 Rg8+ 13. Kf2 Ng4+ 14. Ke2 Nf6 15.
Qd2 Qg4+ 16. Rf3 Qg1 17. Kd1 Bg4 18. Qe2 Bxf3 19. Qxf3 Qd4 20. Qe2 Be7 21. Bxh6
Nxe4 22. Nxe4 Qxb2 23. Rc1 Qxa2 24. Bf4 Nc6 25. Bc4 Qb2 26. Bg3 Nd4 27. Bxg8
Nxe2 28. Nd3 Qd4 29. Bh7 Qe3 0-1

[Event "Challenge"]
[Site "http://www.queenalice.com/game.php?id=1639529"]
[Date "2021.1.11"]
[Round "-"]
[White "vivoferreira"]
[Black "SCORPION77"]
[Result "0-1"]
[WhiteElo "1368"]
[BlackElo "1608"]

1. e4 e5 2. Nf3 d6 3. Nc3 Nf6 4. d4 Bg4 5. Be2 exd4 6. Nxd4 Bxe2 7. Qxe2 h6 8.
b3 Be7 9. O-O O-O 10. Nf5 Re8 11. Bb2 Nc6 12. Nd5 Nd7 13. Nxh6+ gxh6 14. Qg4+
Kf8 0-1

[Event "Challenge"]
[Site "http://www.queenalice.com/game.php?id=1639530"]
[Date "2021.1.11"]
[Round "-"]
[White "SCORPION77"]
[Black "vivoferreira"]
[Result "1-0"]
[WhiteElo "1601"]
[BlackElo "1375"]

1. e4 c5 2. Bc4 e6 3. Nf3 Nc6 4. Bb5 Nb8 5. d4 a6 6. Bd3 d5 7. e5 cxd4 8. Nxd4
Bc5 9. Be3 Qd7 10. O-O f6 11. exf6 Nxf6 12. Qe2 O-O 13. Nc3 Bxd4 14. Bxd4 Nc6
15. Bxf6 1-0

[Event "BATMAN VS SUPERMAN"]
[Site "http://www.queenalice.com/game.php?id=1639545"]
[Date "2021.1.11"]
[Round "-"]
[White "Nelsonbento"]
[Black "vivoferreira"]
[Result "1-0"]
[WhiteElo "1424"]
[BlackElo "1253"]

1. d4 f5 2. h4 Nf6 3. f3 d5 4. Bg5 Ng8 5. e3 h6 6. Bf4 b6 7. c3 Bb7 8. Qa4+ Bc6
9. Bb5 Qd7 10. c4 Bxb5 11. Qxb5 c6 12. Qa4 b5 13. cxb5 cxb5 14. Qa5 Nf6 15. Nc3
a6 16. Bxb8 Rxb8 17. Qxa6 b4 18. Na4 e6 19. Rc1 Bd6 20. Ne2 Kf7 21. h5 b3 22. a3
Rhc8 23. O-O Rc2 24. Nec3 Nxh5 25. f4 Ng3 26. Rf2 Rxc1+ 27. Kh2 Ne4 28. Nxe4 Rc6
29. Nac5 Bxc5 30. Nxc5 Rxa6 31. Nxd7 Rb7 32. Ne5+ 1-0

[Event "HULK VS THOR"]
[Site "http://www.queenalice.com/game.php?id=1639546"]
[Date "2021.1.11"]
[Round "-"]
[White "vivoferreira"]
[Black "Nelsonbento"]
[Result "0-1"]
[WhiteElo "1244"]
[BlackElo "1433"]

1. e4 e5 2. Nf3 d6 3. Nc3 Bg4 4. Be2 Bxf3 5. Bxf3 h6 6. d4 Nc6 7. d5 Nd4 8. Bg4
h5 9. Bh3 a6 10. g3 h4 11. g4 g5 12. Bg2 Bh6 13. Ne2 Nb5 14. Qd2 Qd7 15. Bf1
Qxg4 16. Bg2 Qxg2 17. Rg1 Qxe4 18. b3 Nd4 19. Bb2 Nxe2 20. Qxe2 Qxd5 21. c4 Qa5+
22. Qd2 Qxd2+ 23. Kxd2 g4+ 24. Kd3 O-O-O 25. Rxg4 Bf4 26. Ke4 Nf6+ 27. Kf3 c5
28. Rd1 Nxg4 29. Kxg4 Rdg8+ 30. Kf5 Rg2 31. Rxd6 Rxf2 32. Bxe5 Bxh2+ 0-1

[Event "Challenge"]
[Site "http://www.queenalice.com/game.php?id=1639723"]
[Date "2021.1.13"]
[Round "-"]
[White "vivoferreira"]
[Black "Bigchess"]
[Result "0-1"]
[WhiteElo "1373"]
[BlackElo "1822"]

1. e4 d6 2. d4 c6 3. Nf3 Bg4 4. Be2 Nf6 5. Nfd2 Bxe2 6. Qxe2 e6 7. f3 Be7 8. e5
Nd5 9. c3 Nf4 10. Qf2 Nd3+ 0-1

[Event "Challenge"]
[Site "http://www.queenalice.com/game.php?id=1641142"]
[Date "2021.1.23"]
[Round "-"]
[White "zmanomega"]
[Black "vivoferreira"]
[Result "1-0"]
[WhiteElo "1639"]
[BlackElo "1281"]

1. e4 c5 2. d4 cxd4 3. c3 dxc3 4. Bc4 cxb2 5. Bxb2 d6 6. Nc3 Nc6 7. Qh5 g6 8.
Qg5 Bg7 9. Qf4 Nd4 10. Bxf7+ Kd7 11. Qd2 Nf6 12. Qxd4 e6 13. e5 Ne8 14. Bxe8+
Kxe8 15. Nf3 dxe5 16. Qe3 Bd7 17. Nxe5 Bxe5 18. Qxe5 Rf8 19. O-O Qe7 20. Nb5
Bxb5 21. Qxb5+ 1-0